Kvety pre radosť

Bibliographic Details
Main Authors: Čelková, Ľudmila, 1944- (Author), Longman, David (Author)
Format: Article
Language:Slovak
ISSN:1210-1982
Subjects:

MARC

LEADER 00000nab a2200000 a 4500
001 vtls000526804
003 SK-MaSNL
005 20260303123335.0
008 120928c1994 xo 0 slo
015 |a SNBRB19rr/mm-uuuuu 
035 |a CL0526942 
040 |a SNKBUCL  |b slo  |c SNKBUCL  |e AACR2 
041 0 |a slo 
044 |a xo  |c SK 
080 |a 635.91(035)(048)  |2 1981 
100 1 |a Čelková, Ľudmila,  |d 1944-  |4 aut  |9 97615 
245 1 0 |a Kvety pre radosť  |c Lýdia Čelková 
650 0 7 |a izbové rastliny  |2 snkbucl  |9 1079 
655 7 |a články z novín a časopisov  |2 snkbucl  |9 267496 
700 1 |a Longman, David  |4 aut  |9 11855 
773 0 |t Knižná revue  |g Roč. 4, č. 15 (1994), s. 5  |x 1210-1982 
787 0 8 |i Rec.:  |a Longman, David  |t Pestujeme izbové rastliny  |d Bratislava : Slovart, 1994 
850 |a Slovenská národná knižnica v Martine  |a MTA001 
852 |a SNK  |b KIS3GCP 
958 |a RK 
992 |a RBX 
999 |c 1925391  |d 1927321